[Event "SRB-ch sf"]
[Site "Paracin"]
[Date "2024.02.09"]
[Round "6"]
[White "Krstic, Andrija Marko"]
[Black "Djordjevic, Vuk D"]
[Result "0-1"]
[WhiteElo "2143"]
[BlackElo "2367"]
[PlyCount "94"]
[EventDate "2024.02.05"]
[EventType "swiss"]
[EventRounds "9"]
[EventCountry "SRB"]
[SourceTitle "CB07_2024"]
[SourceDate "2024.02.14"]
[SourceVersion "1"]
[SourceVersionDate "2024.02.14"]
[SourceQuality "1"]

1. d4 Nf6 2. c4 e6 3. Nf3 b6 4. g3 Ba6 5. b3 Bb4+ 6. Bd2 Be7 7. Nc3 d5 8. cxd5 exd5 9. Bg2 0-0 10. 0-0 Re8 11. a3 Nbd7 12. b4 Bd6 13. Nh4 c6 14. Nf5 Nf8 15. Re1 Bc7 16. Qc2 Ne6 17. Rad1 g6 18. Nh6+ Kg7 19. Bc1 Bc4 20. Na4 a5 21. Nb2 b5 22. e4 axb4 23. e5 Ng8 24. Nxg8 Kxg8 25. axb4 f5 26. Be3 Qd7 27. Nd3 Bb6 28. Nf4 Ra2 29. Qb1 Nxf4 30. Bxf4 Qa7 31. Be3 Qa3 32. Bh3 Rb2 33. Qa1 Ra2 34. Qb1 Qb2 35. g4 Qxb1 36. Rxb1 f4 37. Bxf4 Bxd4 38. Bg3 Bc3 39. g5 Bxe1 40. Rxe1 Rea8 41. Bd7 Ra1 42. Rxa1 Rxa1+ 43. Kg2 d4 44. Bf4 Bd5+ 45. f3 Kf7 46. Kf2 Ra2+ 47. Ke1 Bxf3 0-1

[Event "Titled Tuesday intern op 12th Sep Early"]
[Site "Chess.com INT"]
[Date "2023.09.12"]
[Round "4"]
[White "Djordjevic, Vuk D"]
[Black "Fiorito, Francisco"]
[Result "1-0"]
[WhiteElo "2373"]
[BlackElo "2339"]
[PlyCount "99"]
[EventDate "2023.09.12"]
[EventType "swiss (blitz)"]
[EventRounds "11"]
[EventCountry "USA"]
[SourceTitle "EXT 2024"]
[Source "ChessBase"]
[SourceDate "2023.10.10"]
[SourceVersion "1"]
[SourceVersionDate "2023.10.10"]
[SourceQuality "1"]

1. d4 Nf6 2. Bg5 g6 3. Bxf6 exf6 4. c4 Bg7 5. Nc3 f5 6. e3 0-0 7. g3 d6 8. Bg2 a5 9. Nge2 Nd7 10. 0-0 Nf6 11. Rb1 Re8 12. Qd3 h5 13. h4 Ng4 14. Nf4 g5 15. hxg5 Qxg5 16. Bf3 h4 17. Bxg4 fxg4 18. gxh4 Qxh4 19. Kg2 Qg5 20. Kg3 Bh6 21. Qd2 Bf5 22. Rbe1 Be4 23. Nxe4 Rxe4 24. Rh1 Rae8 25. Rh5 Qf6 26. Reh1 Bg5 27. Kxg4 Bxf4 28. exf4 Kf8 29. Rf5 Qg6+ 30. Rg5 Qe6+ 31. Kg3 Ke7 32. d5 Qf6 33. Qd3 Kd8 34. Rh7 Qxf4+ 35. Kh3 Re3+ 36. fxe3 Rxe3+ 37. Qxe3 Qxe3+ 38. Rg3 Qf2 39. Rh8+ Ke7 40. Rh4 Qf5+ 41. Kg2 Qc2+ 42. Kh3 Qxb2 43. Re3+ Kf8 44. Rhe4 Qxa2 45. Re8+ Kg7 46. Rg3+ Kf6 47. Rf3+ Kg6 48. Rg8+ Kh7 49. Rg4 Qxc4 50. Rxc4 1-0

[Event "Titled Tuesday intern op 12th Sep Early"]
[Site "Chess.com INT"]
[Date "2023.09.12"]
[Round "11"]
[White "Golubev, Mikhail"]
[Black "Djordjevic, Vuk D"]
[Result "0-1"]
[WhiteElo "2461"]
[BlackElo "2373"]
[PlyCount "68"]
[EventDate "2023.09.12"]
[EventType "swiss (blitz)"]
[EventRounds "11"]
[EventCountry "USA"]
[SourceTitle "EXT 2024"]
[Source "ChessBase"]
[SourceDate "2023.10.10"]
[SourceVersion "1"]
[SourceVersionDate "2023.10.10"]
[SourceQuality "1"]

1. e4 e6 2. d4 d5 3. Bd3 c5 4. exd5 exd5 5. Nf3 Nf6 6. 0-0 c4 7. Re1+ Be7 8. Bf1 0-0 9. b3 b5 10. a4 cxb3 11. axb5 bxc2 12. Qxc2 Nbd7 13. Rxe7 Qxe7 14. Ba3 Qd8 15. Bxf8 Nxf8 16. Ne5 Qb6 17. Qc5 Qb7 18. Nc6 Ne6 19. Qxa7 Rxa7 20. Rxa7 Qb6 21. Ra8 g6 22. Rxc8+ Kg7 23. Rb8 Qc7 24. Ra8 Qb6 25. Ra6 Qc7 26. Ra7 Qd6 27. Ne5 Nxd4 28. Nxf7 Qb6 29. Ra6 Qc5 30. Nd8 Ne4 31. Ra2 Qc1 32. b6 Qxb1 33. b7 Nc3 34. Ra1 Nde2+ 0-1

[Event "Titled Tuesday intern op 05th Sep Early"]
[Site "Chess.com INT"]
[Date "2023.09.05"]
[Round "10"]
[White "Bharath, Subramaniyam H"]
[Black "Djordjevic, Vuk D"]
[Result "0-1"]
[WhiteElo "2496"]
[BlackElo "2373"]
[PlyCount "68"]
[EventDate "2023.09.05"]
[EventType "swiss (blitz)"]
[EventRounds "11"]
[EventCountry "USA"]
[SourceTitle "EXT 2024"]
[Source "ChessBase"]
[SourceDate "2023.10.10"]
[SourceVersion "1"]
[SourceVersionDate "2023.10.10"]
[SourceQuality "1"]

1. b3 e5 2. Bb2 Nc6 3. c4 g6 4. e3 Bg7 5. Nf3 Nf6 6. Nxe5 0-0 7. Nxc6 bxc6 8. Be2 Re8 9. 0-0 a5 10. Nc3 Qe7 11. d4 d6 12. Bf3 Bd7 13. Rc1 h5 14. h3 Nh7 15. Ne4 Qh4 16. Nd2 Ng5 17. Re1 Bh6 18. Qe2 Bxh3 19. gxh3 Nxh3+ 20. Kf1 Nf4 21. Qd1 Nd3 22. Qe2 Nf4 23. Qd1 Nd3 24. Re2 Bxe3 25. fxe3 Rxe3 26. Rc3 Nxb2 27. Qc2 Qh3+ 28. Kg1 Qg3+ 29. Kf1 Qh3+ 30. Bg2 Rxc3 31. Qxb2 Qg3 32. Ne4 Qf4+ 33. Rf2 Qc1+ 34. Ke2 Qxb2+ 0-1

[Event "Titled Tuesday intern op 05th Sep Early"]
[Site "Chess.com INT"]
[Date "2023.09.05"]
[Round "11"]
[White "Djordjevic, Vuk D"]
[Black "Galchenko, Matvey"]
[Result "0-1"]
[WhiteElo "2373"]
[BlackElo "2438"]
[PlyCount "108"]
[EventDate "2023.09.05"]
[EventType "swiss (blitz)"]
[EventRounds "11"]
[EventCountry "USA"]
[SourceTitle "EXT 2024"]
[Source "ChessBase"]
[SourceDate "2023.10.10"]
[SourceVersion "1"]
[SourceVersionDate "2023.10.10"]
[SourceQuality "1"]

1. d4 Nf6 2. Bg5 Ne4 3. Bf4 c5 4. f3 Qa5+ 5. c3 Nf6 6. d5 e6 7. e4 exd5 8. exd5 d6 9. Qd2 Be7 10. c4 Qb6 11. Nc3 0-0 12. g4 Re8 13. Kf2 Nbd7 14. h4 Ne5 15. h5 Qb4 16. Bxe5 dxe5 17. g5 Nd7 18. g6 h6 19. Bd3 fxg6 20. hxg6 Bg5 21. Qc2 e4 22. Nxe4 Ne5 23. Nxg5 Nxd3+ 24. Qxd3 Qxb2+ 25. Ne2 hxg5 26. d6 Bf5 27. Qd5+ Be6 28. Qxg5 Bxc4 29. Rae1 Rxe2+ 30. Rxe2 Qxe2+ 31. Kg3 Qe6 32. Rd1 Qf6 33. Qh5 Rd8 34. Qh7+ Kf8 35. Qh8+ Bg8 36. Qh5 b6 37. d7 Qe6 38. Qg5 Rxd7 39. Qf4+ Ke7 40. Qg5+ Qf6 41. Re1+ Kd8 42. Qxf6+ gxf6 43. Kf4 Rd5 44. Rh1 Rg5 45. Rh8 Rxg6 46. Kf5 Rg3 47. Kxf6 Rxf3+ 48. Ke5 Rg3 49. Kd6 c4 50. a4 c3 51. Rh1 c2 52. Rf1 Rd3+ 53. Kc6 Rd1 54. Rf8+ Ke7 0-1

[Event "Titled Tuesday intern op 29th Aug Early"]
[Site "Chess.com INT"]
[Date "2023.08.29"]
[Round "5"]
[White "Djordjevic, Vuk D"]
[Black "Rangel, Daniel"]
[Result "1-0"]
[WhiteElo "2373"]
[BlackElo "2199"]
[PlyCount "61"]
[EventDate "2023.08.29"]
[EventType "swiss (blitz)"]
[EventRounds "11"]
[EventCountry "USA"]
[SourceTitle "EXT 2024"]
[Source "ChessBase"]
[SourceDate "2023.10.10"]
[SourceVersion "1"]
[SourceVersionDate "2023.10.10"]
[SourceQuality "1"]

1. d4 Nf6 2. Bg5 g6 3. Bxf6 exf6 4. c4 Bg7 5. Nc3 0-0 6. e3 d6 7. g3 h5 8. h4 c6 9. Bg2 Bg4 10. Nge2 Re8 11. 0-0 Bxe2 12. Nxe2 Nd7 13. b4 f5 14. b5 Qc7 15. bxc6 bxc6 16. Qa4 Rac8 17. Rab1 Nf6 18. Qa6 Ng4 19. Rb7 Qd8 20. Bxc6 Re7 21. Rxe7 Rxc6 22. Qxa7 Qf8 23. Qd7 Rc8 24. Rxf7 Qxf7 25. Qxc8+ Kh7 26. Nf4 Qa7 27. Qe8 Qxa2 28. Qxg6+ Kg8 29. Qe8+ Kh7 30. Qxh5+ Nh6 31. Qg6+ 1-0

[Event "Titled Tuesday intern op 29th Aug Early"]
[Site "Chess.com INT"]
[Date "2023.08.29"]
[Round "8"]
[White "Shimanov, Aleksandr"]
[Black "Djordjevic, Vuk D"]
[Result "1-0"]
[WhiteElo "2566"]
[BlackElo "2373"]
[PlyCount "144"]
[EventDate "2023.08.29"]
[EventType "swiss (blitz)"]
[EventRounds "11"]
[EventCountry "USA"]
[SourceTitle "EXT 2024"]
[Source "ChessBase"]
[SourceDate "2023.10.10"]
[SourceVersion "1"]
[SourceVersionDate "2023.10.10"]
[SourceQuality "1"]

1. c4 e5 2. g3 Nc6 3. Bg2 g6 4. Nc3 Bg7 5. Rb1 d6 6. b4 a6 7. a4 Be6 8. d3 Qd7 9. b5 axb5 10. cxb5 Na5 11. e3 Ne7 12. Nge2 0-0 13. 0-0 c5 14. bxc6 bxc6 15. Ba3 Rab8 16. Qc2 Bb3 17. Qd2 Be6 18. Ne4 Nb3 19. Qc2 c5 20. N2c3 h6 21. Nb5 Rxb5 22. axb5 Na5 23. b6 Nac6 24. Rfc1 Rb8 25. b7 Bd5 26. Qa4 f5 27. Nc3 Bxg2 28. Kxg2 Rxb7 29. Qa8+ Nd8 30. Rxb7 Qxb7+ 31. Qxb7 Nxb7 32. Rb1 Nd8 33. Rb6 Nf7 34. Nb5 Nd5 35. Rb7 Bf8 36. e4 fxe4 37. dxe4 Nf6 38. f3 g5 39. g4 h5 40. h3 Nd8 41. Ra7 Ne6 42. Bc1 h4 43. Ra6 Ne8 44. Nc3 Kf7 45. Nd5 Nf6 46. Ra7+ Kg6 47. Nb6 Ne8 48. Nc4 Nf6 49. Ra8 Kf7 50. Ra6 Ne8 51. Be3 Kf6 52. Kf1 Kf7 53. Ke2 Be7 54. Kd3 Nf4+ 55. Bxf4 gxf4 56. Nb6 Ke6 57. Nd5 Bd8 58. Ra7 Bg5 59. Kc4 Bd8 60. Kb5 Bg5 61. Kc4 Bd8 62. Rb7 Bg5 63. Nc7+ Nxc7 64. Rxc7 Bf6 65. Rh7 Bg5 66. Rh5 Be7 67. g5 Kf7 68. Rh7+ Ke6 69. g6 Bf6 70. Rb7 Be7 71. g7 Kf7 72. Rxe7+ Kg8 1-0

[Event "Speed Chess Q2 Sw"]
[Site "Chess.com INT"]
[Date "2023.08.23"]
[Round "9"]
[White "Demchenko, Anton"]
[Black "Djordjevic, Vuk D"]
[Result "1-0"]
[WhiteElo "2619"]
[BlackElo "2373"]
[PlyCount "95"]
[EventDate "2023.08.23"]
[EventType "swiss (blitz)"]
[EventRounds "14"]
[EventCountry "USA"]
[SourceTitle "CBM 215 Extra"]
[Source "ChessBase"]
[SourceDate "2023.09.30"]
[SourceVersion "1"]
[SourceVersionDate "2023.09.30"]
[SourceQuality "1"]

1. e4 e6 2. d4 d5 3. Nd2 Be7 4. Ngf3 Nf6 5. e5 Nfd7 6. c3 c5 7. Be2 b6 8. 0-0 Ba6 9. Bxa6 Nxa6 10. Ne1 b5 11. a3 cxd4 12. cxd4 b4 13. a4 0-0 14. Qg4 f5 15. Qe2 Qb6 16. Nb3 Rac8 17. Nd3 Rc4 18. Be3 Rfc8 19. Rfd1 Nab8 20. g3 Rc2 21. Qf1 Nc6 22. a5 Qb5 23. h4 Qc4 24. Nd2 Qb5 25. Nf3 Nxa5 26. Nde1 R2c4 27. Nd2 Nb6 28. b3 Nxb3 29. Nxb3 Qd7 30. Nd3 Na4 31. Nf4 Nc3 32. Re1 Ne4 33. Ra6 Rc3 34. Rb1 R8c6 35. Na5 Rxa6 36. Qxa6 Nxg3 37. Qxe6+ Qxe6 38. Nxe6 Ne4 39. Nf4 Bxh4 40. Rxb4 h6 41. Nxd5 Kh7 42. Nxc3 Nxc3 43. Rb7 a6 44. e6 Nd5 45. Nc6 Nf6 46. Bf4 Nd5 47. Be5 Bf6 48. e7 1-0

[Event "Speed Chess Q2 Sw"]
[Site "Chess.com INT"]
[Date "2023.08.23"]
[Round "11"]
[White "Djordjevic, Vuk D"]
[Black "Gomes, Luiz Alexandre"]
[Result "1-0"]
[WhiteElo "2373"]
[BlackElo "2254"]
[PlyCount "89"]
[EventDate "2023.08.23"]
[EventType "swiss (blitz)"]
[EventRounds "14"]
[EventCountry "USA"]
[SourceTitle "CBM 215 Extra"]
[Source "ChessBase"]
[SourceDate "2023.09.30"]
[SourceVersion "1"]
[SourceVersionDate "2023.09.30"]
[SourceQuality "1"]

1. d4 Nf6 2. Bg5 e6 3. e4 Be7 4. e5 Nd5 5. Bxe7 Nxe7 6. Nf3 d6 7. exd6 cxd6 8. c4 0-0 9. Nc3 b6 10. Bd3 Bb7 11. d5 e5 12. 0-0 Ng6 13. Qc2 Nd7 14. Nd2 Rc8 15. Nb5 Nc5 16. Bxg6 hxg6 17. Nxa7 Ra8 18. Nb5 f5 19. b4 Na4 20. f4 Qd7 21. fxe5 dxe5 22. Nf3 Rfe8 23. Rfe1 e4 24. Nfd4 Rec8 25. Qb3 Kh7 26. Rad1 Kg8 27. Ne6 Bxd5 28. Nf4 Bxc4 29. Rxd7 Bxb3 30. axb3 Nb2 31. Rb1 Nd3 32. Nxd3 exd3 33. Rxd3 Ra2 34. Nd4 Rd8 35. Rbd1 Rb2 36. h4 Kh7 37. Nf3 Rxd3 38. Rxd3 Kh6 39. Kh2 Kh5 40. Kg3 Rb1 41. Rd8 g5 42. hxg5 Rxb3 43. Kf4 Kg6 44. Ne5+ Kh7 45. g6+ 1-0

[Event "Speed Chess Q2 Sw"]
[Site "Chess.com INT"]
[Date "2023.08.23"]
[Round "1"]
[White "Djordjevic, Vuk D"]
[Black "Lazavik, Denis"]
[Result "1-0"]
[WhiteElo "2373"]
[BlackElo "2560"]
[PlyCount "97"]
[EventDate "2023.08.23"]
[EventType "swiss (blitz)"]
[EventRounds "14"]
[EventCountry "USA"]
[SourceTitle "CBM 215 Extra"]
[Source "ChessBase"]
[SourceDate "2023.09.30"]
[SourceVersion "1"]
[SourceVersionDate "2023.09.30"]
[SourceQuality "1"]

1. d4 f5 2. Nf3 Nf6 3. c4 g6 4. g3 Bg7 5. Bg2 0-0 6. 0-0 d6 7. b4 Qe8 8. Bb2 Nc6 9. b5 Nd8 10. Nbd2 Nf7 11. Re1 e5 12. e4 f4 13. gxf4 Nh5 14. fxe5 dxe5 15. Ba3 exd4 16. Bxf8 Qxf8 17. e5 Nf4 18. Nf1 d3 19. Re4 Nxg2 20. Kxg2 Bf5 21. Re3 Bh6 22. Re1 Rd8 23. e6 d2 24. e7 dxe1N+ 25. Qxe1 Qe8 26. exd8Q Qxd8 27. Ng3 Bg4 28. Rd1 Qc8 29. Rd4 Bg7 30. Re4 Nd6 31. Re7 Bf6 32. Re3 Nxc4 33. Re8+ Kf7 34. Rxc8 Bxc8 35. Qe4 Nd6 36. Qd5+ Ke7 37. Qc5 Kd8 38. Qxa7 Nxb5 39. Qc5 Nd6 40. Qd5 Ke7 41. Qg8 Be6 42. Qxh7+ Bf7 43. h4 Kd7 44. Ng5 Bxg5 45. hxg5 Kc6 46. a3 b5 47. Ne2 Kd5 48. Nf4+ Ke5 49. Nxg6+ 1-0

[Event "Speed Chess Q2 Sw"]
[Site "Chess.com INT"]
[Date "2023.08.23"]
[Round "12"]
[White "Pichot, Alan"]
[Black "Djordjevic, Vuk D"]
[Result "1-0"]
[WhiteElo "2642"]
[BlackElo "2373"]
[PlyCount "122"]
[EventDate "2023.08.23"]
[EventType "swiss (blitz)"]
[EventRounds "14"]
[EventCountry "USA"]
[SourceTitle "CBM 215 Extra"]
[Source "ChessBase"]
[SourceDate "2023.09.30"]
[SourceVersion "1"]
[SourceVersionDate "2023.09.30"]
[SourceQuality "1"]

1. e4 e6 2. d4 d5 3. Nc3 Bb4 4. Nge2 dxe4 5. a3 Bxc3+ 6. Nxc3 Nf6 7. Bf4 Nc6 8. Bb5 Bd7 9. d5 exd5 10. Nxd5 Nxd5 11. Qxd5 0-0 12. 0-0-0 Qf6 13. Bxc7 Bf5 14. Bxc6 bxc6 15. Qc5 Rfc8 16. Ba5 Be6 17. Bc3 Qg6 18. h4 Bd5 19. Rh3 Qh6+ 20. Kb1 Qh5 21. Kc1 f6 22. Rg3 Qxh4 23. Qe7 g6 24. Bxf6 Qh6+ 25. Kb1 Qf8 26. Qxf8+ Rxf8 27. Bd4 Rad8 28. Bxa7 Ba2+ 29. Kc1 Bd5 30. Be3 Rd7 31. b3 Rb7 32. Kb2 Be6 33. Rg5 Bd5 34. a4 Kg7 35. a5 h6 36. Rg3 Ra8 37. Ra1 Ra6 38. Rh3 g5 39. Rhh1 Kg6 40. Rhd1 Rb5 41. Bb6 e3 42. f3 e2 43. Re1 g4 44. Rxe2 gxf3 45. gxf3 Bxf3 46. Re6+ Kh7 47. c4 Rg5 48. Rf1 Rg2+ 49. Kc3 Rg3 50. Kb4 Bh5 51. Rff6 Bg6 52. Rxc6 h5 53. Rc7+ Kh6 54. Be3+ Rxe3 55. Rxa6 h4 56. Rcc6 Rg3 57. Rxg6+ Rxg6 58. Rxg6+ Kxg6 59. a6 h3 60. a7 h2 61. a8Q h1Q 1-0

[Event "Speed Chess Q2 Sw"]
[Site "Chess.com INT"]
[Date "2023.08.23"]
[Round "4"]
[White "Yakubboev, Nodirbek"]
[Black "Djordjevic, Vuk D"]
[Result "1/2-1/2"]
[WhiteElo "2630"]
[BlackElo "2373"]
[PlyCount "157"]
[EventDate "2023.08.23"]
[EventType "swiss (blitz)"]
[EventRounds "14"]
[EventCountry "USA"]
[SourceTitle "CBM 215 Extra"]
[Source "ChessBase"]
[SourceDate "2023.09.30"]
[SourceVersion "1"]
[SourceVersionDate "2023.09.30"]
[SourceQuality "1"]

1. d4 Nf6 2. Nf3 e6 3. Bf4 d5 4. e3 Bd6 5. Ne5 0-0 6. Nd2 c5 7. c3 Qc7 8. Bd3 Nc6 9. Ndf3 cxd4 10. cxd4 Qa5+ 11. Kf1 Nb4 12. Be2 Ne4 13. a3 Na6 14. h4 f6 15. Nd3 Bd7 16. b4 Qd8 17. Bxd6 Nxd6 18. Nc5 Nc7 19. a4 b6 20. Nd3 Qe7 21. g3 Ne4 22. Qb3 Rfc8 23. Kg2 Ne8 24. Rhc1 N8d6 25. Nf4 Qe8 26. b5 Rxc1 27. Rxc1 Rc8 28. Qa3 Rxc1 29. Qxc1 Qc8 30. Qxc8+ Bxc8 31. Bd1 Nc3 32. Bb3 h6 33. Ng1 g5 34. hxg5 hxg5 35. Nfe2 Nce4 36. Nf3 g4 37. Nh2 Nd2 38. Ba2 f5 39. f3 gxf3+ 40. Nxf3 Nxf3 41. Kxf3 Kf7 42. Kf4 Kf6 43. Nc3 Bd7 44. Bb3 Ne8 45. Bd1 Ke7 46. Bf3 Nf6 47. Kg5 Bc8 48. Kg6 Ne8 49. Be2 Nd6 50. Bd3 Bd7 51. Ne2 Be8+ 52. Kg5 Nf7+ 53. Kf4 Kf6 54. Ng1 Ng5 55. g4 Bg6 56. gxf5 exf5 57. Ne2 Ne6+ 58. Kf3 Bh5+ 59. Kf2 Bxe2 60. Bxe2 f4 61. Bf3 fxe3+ 62. Kxe3 Nc7 63. Bg4 Kg5 64. Bd7 Kg6 65. Kf4 Kf6 66. Kg4 Ke7 67. Bc6 Kd6 68. Kf4 Ne6+ 69. Ke3 Ng7 70. Kd3 Ke6 71. Bb7 Kd6 72. Bc8 Ne6 73. Bxe6 Kxe6 74. Ke3 Kf5 75. Kf3 Kg5 76. Kg3 Kf5 77. Kf3 Kg5 78. Kg3 Kf5 79. Kf3 1/2-1/2

[Event "Titled Tuesday intern op 22nd Aug Early"]
[Site "Chess.com INT"]
[Date "2023.08.22"]
[Round "10"]
[White "Badelka, Olga"]
[Black "Djordjevic, Vuk D"]
[Result "0-1"]
[WhiteElo "2379"]
[BlackElo "2373"]
[PlyCount "76"]
[EventDate "2023.08.22"]
[EventType "swiss (blitz)"]
[EventRounds "11"]
[EventCountry "USA"]
[SourceTitle "EXT 2024"]
[Source "ChessBase"]
[SourceDate "2023.10.10"]
[SourceVersion "1"]
[SourceVersionDate "2023.10.10"]
[SourceQuality "1"]

1. c4 e5 2. Nc3 Nc6 3. g3 g6 4. Bg2 Bg7 5. d3 d6 6. Rb1 Be6 7. b4 Qd7 8. b5 Nd8 9. e3 Ne7 10. h4 h6 11. h5 g5 12. Nf3 0-0 13. Nd2 f5 14. Qc2 g4 15. Bb2 Rb8 16. a4 Nf7 17. Nd5 Ng5 18. Kd1 c6 19. Nxe7+ Qxe7 20. bxc6 bxc6 21. Bxc6 Rfc8 22. Bg2 d5 23. Ke2 dxc4 24. dxc4 Qf7 25. Rhc1 Qxh5 26. Ba3 f4 27. Rxb8 f3+ 28. Kd1 fxg2 29. Rxc8+ Bxc8 30. Ke2 Nh3 31. Qb1 Bf5 32. e4 Be6 33. c5 Bd7 34. c6 Bxc6 35. Qa2+ Kh7 36. Qb1 Bxa4 37. Rg1 Nxg1+ 38. Qxg1 Qh1 0-1

[Event "Titled Tuesday intern op 22nd Aug Early"]
[Site "Chess.com INT"]
[Date "2023.08.22"]
[Round "8"]
[White "Piorun, Kacper"]
[Black "Djordjevic, Vuk D"]
[Result "1/2-1/2"]
[WhiteElo "2597"]
[BlackElo "2373"]
[PlyCount "107"]
[EventDate "2023.08.22"]
[EventType "swiss (blitz)"]
[EventRounds "11"]
[EventCountry "USA"]
[SourceTitle "EXT 2024"]
[Source "ChessBase"]
[SourceDate "2023.10.10"]
[SourceVersion "1"]
[SourceVersionDate "2023.10.10"]
[SourceQuality "1"]

1. Nf3 Nf6 2. g3 e6 3. Bg2 d5 4. 0-0 Be7 5. d3 0-0 6. Nbd2 c5 7. e4 b5 8. Re1 Nc6 9. e5 Nd7 10. Nf1 b4 11. h4 a5 12. Bf4 a4 13. a3 bxa3 14. bxa3 Ba6 15. h5 h6 16. Ne3 Nd4 17. Nxd4 cxd4 18. Ng4 Bg5 19. Qd2 Rc8 20. Ra2 Rb8 21. Nh2 Be7 22. Nf3 Bc5 23. g4 Rb6 24. g5 hxg5 25. Bxg5 f6 26. Bh4 Qe8 27. h6 fxe5 28. hxg7 Rf7 29. Raa1 Rxg7 30. Nxe5 Nxe5 31. Rxe5 Bd6 32. Rg5 Rbb7 33. Bg3 Rxg5 34. Qxg5+ Rg7 35. Qh4 Bxg3 36. fxg3 Bb7 37. Rb1 Bc6 38. Qxd4 e5 39. Qf2 d4 40. Bxc6 Qxc6 41. Rb8+ Kh7 42. Qh2+ Kg6 43. Rh8 Qf3 44. Qg2 Qxg2+ 45. Kxg2 Rc7 46. Ra8 Rxc2+ 47. Kf3 Kf5 48. g4+ Ke6 49. Rxa4 Rd2 50. Ra6+ Kd5 51. Ra5+ Ke6 52. Ra6+ Kd5 53. Ra5+ Ke6 54. Ra6+ 1/2-1/2

[Event "Titled Tuesday intern op 22nd Aug Early"]
[Site "Chess.com INT"]
[Date "2023.08.22"]
[Round "11"]
[White "Rustemov, Alexander"]
[Black "Djordjevic, Vuk D"]
[Result "1-0"]
[WhiteElo "2525"]
[BlackElo "2373"]
[PlyCount "93"]
[EventDate "2023.08.22"]
[EventType "swiss (blitz)"]
[EventRounds "11"]
[EventCountry "USA"]
[SourceTitle "EXT 2024"]
[Source "ChessBase"]
[SourceDate "2023.10.10"]
[SourceVersion "1"]
[SourceVersionDate "2023.10.10"]
[SourceQuality "1"]

1. d4 Nf6 2. c4 e6 3. Nf3 b6 4. a3 Bb7 5. Nc3 d5 6. Bg5 Be7 7. Bxf6 Bxf6 8. cxd5 exd5 9. Qa4+ Nd7 10. g3 c6 11. Bh3 h5 12. 0-0-0 b5 13. Qc2 Nb6 14. e4 0-0 15. e5 Be7 16. e6 Bc8 17. exf7+ Rxf7 18. Bxc8 Rxc8 19. Ne5 Rf6 20. Kb1 Nc4 21. Qe2 Rb8 22. Rhe1 Bxa3 23. bxa3 b4 24. axb4 Rxb4+ 25. Ka1 Nb6 26. Na2 Ra4 27. Nd3 Qd6 28. Nc5 Ra3 29. Qe8+ Rf8 30. Qe2 Rf6 31. f4 Nc4 32. Qe8+ Rf8 33. Qe6+ Qxe6 34. Rxe6 Rb8 35. Rb1 Rxb1+ 36. Kxb1 Rf3 37. Nb4 Rf1+ 38. Kc2 Rf2+ 39. Kc3 Rxh2 40. Nxc6 Rg2 41. Ne7+ Kf7 42. Nxd5 Nd2 43. Re7+ Kg8 44. Ne6 Nf1 45. Rxg7+ Kh8 46. Rf7 Rxg3+ 47. Kb4 1-0

[Event "Speed Chess Q1 Sw"]
[Site "Chess.com INT"]
[Date "2023.08.21"]
[Round "5"]
[White "Djordjevic, Vuk D"]
[Black "Vovk, Orest"]
[Result "1-0"]
[WhiteElo "2373"]
[BlackElo "2315"]
[PlyCount "87"]
[EventDate "2023.08.21"]
[EventType "k.o. (blitz)"]
[EventRounds "14"]
[EventCountry "USA"]
[SourceTitle "CBM 215 Extra"]
[Source "ChessBase"]
[SourceDate "2023.09.30"]
[SourceVersion "1"]
[SourceVersionDate "2023.09.30"]
[SourceQuality "1"]

1. d4 g6 2. Bg5 Bg7 3. Nf3 d6 4. e3 a5 5. c4 Na6 6. Nc3 c6 7. Be2 Nf6 8. h3 0-0 9. 0-0 Rb8 10. a3 b5 11. cxb5 cxb5 12. Nxb5 Ne4 13. Bf4 Nc7 14. Qc2 Nxb5 15. Qxe4 Bf5 16. Qc6 Rb6 17. Qc1 Qb8 18. Qd2 Nc7 19. Qxa5 Rxb2 20. Rfe1 Qb7 21. Rac1 Nd5 22. Qa6 Nxf4 23. exf4 Qe4 24. Qc4 Rc8 25. Qxc8+ Bxc8 26. Rxc8+ Bf8 27. Bc4 Qxf4 28. Rxe7 Rb1+ 29. Bf1 Rc1 30. Rd8 Qf5 31. Ree8 Qb1 32. Rxf8+ Kg7 33. Nh2 Qa1 34. Rg8+ Kh6 35. Rxd6 f5 36. Rd5 Qxa3 37. Re8 Qa1 38. Rd7 Rd1 39. Ree7 Rxd4 40. Rxh7+ Kg5 41. Nf3+ Kf6 42. Nxd4 Qa5 43. Rd6+ Ke5 44. Nc6+ 1-0

[Event "Titled Tuesday intern op 15th Aug Early"]
[Site "Chess.com INT"]
[Date "2023.08.15"]
[Round "3"]
[White "Djordjevic, Vuk D"]
[Black "Kostic, V Vladimir"]
[Result "1/2-1/2"]
[WhiteElo "2373"]
[BlackElo "2022"]
[PlyCount "153"]
[EventDate "2023.08.15"]
[EventType "swiss (blitz)"]
[EventRounds "11"]
[EventCountry "USA"]
[SourceTitle "EXT 2024"]
[Source "ChessBase"]
[SourceDate "2023.10.10"]
[SourceVersion "1"]
[SourceVersionDate "2023.10.10"]
[SourceQuality "1"]

1. d4 d5 2. Nf3 Nf6 3. c4 c6 4. Nc3 e6 5. Bg5 dxc4 6. e4 b5 7. e5 h6 8. Bh4 g5 9. Nxg5 hxg5 10. Bxg5 Nbd7 11. g3 Bb7 12. Bg2 Qb6 13. exf6 0-0-0 14. 0-0 c5 15. d5 b4 16. Na4 Qb5 17. a3 Nb8 18. axb4 cxb4 19. Qg4 Bxd5 20. Rfc1 Nc6 21. Bxd5 Rxd5 22. Qxc4 Rd1+ 23. Rxd1 Qxc4 24. Be3 Qe4 25. Rac1 Rh5 26. Rd4 Qf3 27. Rf4 Qd5 28. Rfc4 Kb7 29. Bxa7 Nxa7 30. Rc7+ Ka6 31. Ra1 Qa5 32. Rxf7 Bd6 33. Rd7 Nc8 34. Nc5+ Rxc5 35. Rxa5+ Kxa5 36. f7 Rf5 37. Rd8 Rxf7 38. Rxc8 Ka4 39. Rd8 Be7 40. Rd7 Kb3 41. h4 Kxb2 42. h5 b3 43. g4 Ka1 44. Ra7+ Kb1 45. g5 b2 46. g6 Rf5 47. Rxe7 Rxh5 48. g7 Rg5+ 49. Kf1 Kc1 50. Rc7+ Kd2 51. Rd7+ Kc3 52. Rc7+ Kd4 53. Rd7+ Rd5 54. Rxd5+ exd5 55. g8Q b1Q+ 56. Kg2 Qe4+ 57. Kg3 Qe5+ 58. f4 Qe3+ 59. Kh4 Qxf4+ 60. Kh5 Ke4 61. Qa8 Qe5+ 62. Kg4 Qf5+ 63. Kg3 Qf3+ 64. Kh2 Qf2+ 65. Kh3 Qe3+ 66. Kg2 Qf4 67. Qb7 Ke5 68. Qc7+ Kf5 69. Qf7+ Ke4 70. Qxf4+ Kxf4 71. Kf2 Ke4 72. Ke2 Kd4 73. Kd2 Ke4 74. Ke2 Kd4 75. Kd2 Kc4 76. Kc2 Kd4 77. Kd2 1/2-1/2

[Event "Titled Tuesday intern op 15th Aug Late"]
[Site "Chess.com INT"]
[Date "2023.08.15"]
[Round "8"]
[White "Kamsky, Gata"]
[Black "Djordjevic, Vuk D"]
[Result "0-1"]
[WhiteElo "2641"]
[BlackElo "2373"]
[PlyCount "126"]
[EventDate "2023.08.15"]
[EventType "swiss (blitz)"]
[EventRounds "11"]
[EventCountry "USA"]
[SourceTitle "EXT 2024"]
[Source "ChessBase"]
[SourceDate "2023.10.10"]
[SourceVersion "1"]
[SourceVersionDate "2023.10.10"]
[SourceQuality "1"]

1. d4 Nf6 2. Bf4 e6 3. e3 d5 4. Nf3 Bd6 5. Bg3 0-0 6. c4 c6 7. Nc3 Re8 8. Bd3 dxc4 9. Bxc4 b5 10. Bd3 b4 11. Ne4 Nxe4 12. Bxe4 Ba6 13. Qc2 h6 14. Bxd6 Qxd6 15. Ne5 f6 16. Nc4 Bxc4 17. Qxc4 Rc8 18. Rc1 Nd7 19. 0-0 Rab8 20. Qa6 Rb6 21. Qxa7 c5 22. dxc5 Nxc5 23. Rfd1 Qb8 24. Qe7 Qc7 25. Qxc7 Rxc7 26. g4 Kf7 27. Rc4 Ke7 28. Rdc1 Kd6 29. Kg2 Na6 30. Rxc7 Nxc7 31. a4 bxa3 32. bxa3 Ra6 33. Rd1+ Ke7 34. Ra1 Ra5 35. a4 Na6 36. Bd3 Nc7 37. h3 Nd5 38. Kf3 Kd6 39. Bc2 Nb4 40. Bb3 Na6 41. Ke2 Nc5 42. Bc2 Kd5 43. Kd2 Kc4 44. Rc1 Kd5 45. Kc3 Ra7 46. Rd1+ Kc6 47. Kb4 Rb7+ 48. Ka3 Ra7 49. Rb1 Kd5 50. Rb4 Kc6 51. Rc4 Kd5 52. Rd4+ Kc6 53. f4 e5 54. Rc4 Kd5 55. Rb4 exf4 56. exf4 Re7 57. Kb2 Ra7 58. Kc3 Rc7 59. Rd4+ Kc6 60. Rc4 Kd5 61. Bb3 Nxa4+ 62. Kb4 Rxc4+ 63. Bxc4+ Kd4 0-1